Club 27 - Statistics

General Stats
  • This quiz has been taken 26 times
  • The average score is 2 of 7
Answers on the Grid
Answers color-coded by a green-red scale on the quiz's grid according to % correct below.
Robert Johnson
Billie Holiday
Buddy Holly
Richey James Edward (Manic Street Preachers)
Hank Williams
Kurt Cobain (Nirvana)
Sid Vicious (Sex Pistols)
Ian Curtis (Joy Divison)
Kristen Pfaff (Hole)
Freddie Mercury (Queen)
John Lennon (the Beatles)
Brian Jones (the Rolling Stones)
Keith Moon (the Who)
Amy Winehouse
Avicii (Tim Berglund)
Alan Wilson (Canned Heat)
Cliff Burton (Metallica)
Janis Joplin
Tupac
The Notorious B.I.G
Marc Bolan (T. Rex)
Kris Leonard (Viola Beach)
John Bonham (Led Zeppelines)
Bob Marley
Elvis Presley
Karen Carpenter (the Carpenters)
Tim Buckley
Jim Morrison (the Doors)
Ritchie Valens
Otis Redding
Nick Drake
Aaliyah
Hillel Slovak (Red Hot Chili Peppers)
Jimi Hendrix
Liam Payne (One Direction)
Kirsty McColl
 
Answer Stats
Answer % Correct
Robert Johnson
75%
Kurt Cobain (Nirvana)
50%
Janis Joplin
25%
Jimi Hendrix
25%
Jim Morrison (the Doors)
25%
Alan Wilson (Canned Heat)
0%
Kristen Pfaff (Hole)
0%
No matching quizzes found
Score Distribution
Percent of People with Each Score
Percentile by Number Answered
Your Score History
You have not taken this quiz